000 00413nmm a2200157Ia 4500
008 251105s9999||||xx |||||||||||||||||und||
020 _a9788415729297
041 _aspa
100 _aSparks, Nicholas
245 0 _aEl rescate
264 _a[Madrid, España] :
_bRoca Editorial,
_c2014
300 _a306 páginas
650 _aRomance
856 _uhttps://public.digitaliapublishing.com/a/34590
942 _cCF
999 _c77023
_d77023